| 000 | 00539nam a2200193 4500 | ||
|---|---|---|---|
| 001 | 46010 | ||
| 003 | OSt | ||
| 005 | 20150618094443.0 | ||
| 008 | 150618b xxu||||| |||| 00| 0 eng d | ||
| 020 | _a9789768217103 | ||
| 040 | _c | ||
| 082 | _aR/WIC/813 LEE (46010) | ||
| 100 | _qLee, Easton | ||
| 245 |
_aRun big 'fraid...and other village stories _cEaston Lee |
||
| 260 |
_aKingston, Jamaica : _bBalaPress, _c2008. |
||
| 300 |
_av, 237 p. ; _bill. ; _c21 cm |
||
| 650 | _2JAMAICAN FICTION, SHORT STORIES - JAMAICA | ||
| 942 |
_2ddc _cBK |
||
| 999 |
_c3336 _d3336 |
||